Quizzes
Events
Quiz Creation
Community
Videos
Private Events
Remove Ads
Sign In
Join for FREE
Feedback
Dark Mode
Quiz Categories
Sports
Geography
Music
Movies
Television
Just For Fun
Miscellaneous
History
Literature
Language
Science
Gaming
Entertainment
Religion
Holiday
For Kids
Quiz Lab
Recent
Popular Today
Quiz Kudos Today
Editor Picks
Curator Picks
Quizzes by...
Day
Popularity
Type
Ratings
Length
Year
Community
Subscriptions
Recent Discussions
Orange Saloon
Badges
Playlists
Quests
Create
Leaderboards
Showdown
Live 5
Trivia Bingo
Activity
Puzzle Library
Sporcle Events
Private Events
Virtual Trivia
Globe League
Become a Host
Pub Owners
SporcleCon
Opinionation
Our Games
Videos
Blog
Mobile Apps
Partnerships
Remove Ads and Go Orange
Feedback
Language
Vocabulary
Begins and Ends
Definition
Spanish
French
German
Italian
Chinese
Latin
Translation
Japanese
Language
Vocabulary
Begins and Ends
Definition
Spanish
French
German
Italian
Chinese
Latin
Translation
Japanese
Random Quiz
Search Sporcle
×
Quiz Lab
Quiz Lab
Language
girl
Type in answers that appear in a list
Type in answers that appear in a list
Classic
Best Score? Go Orange.
Hidden girls' names Stats
Can you name the Hidden girls' names?
By
hecuba
8m
20 Questions
64 Plays
64 Plays
64 Plays
Comments
Comments
Give Quiz Kudos
Give Quiz Kudos
-
- Ratings
hide this ad
More Info
Random Order
Randomize order of answers
Randomize order of answers
Replay
Link that replays current quiz
Next Quiz
Link to next quiz in quiz playlist
You Got
0%
They Got
Avg Score
57%
Avg Friend Score
Upgrade to see
Score Distribution
Jump to the score distribution portion of the page
Score
0/20
Timer
08:00
0
Plays Today
Clue
Word
% Correct
kleenex
tissue
90.6%
vendor
seller
84.4%
quandary with two outcomes
dilemma
79.7%
miser
cheapskate
75%
grassland
savanna
73.4%
amateur singalong
karaoke
70.3%
traditional
customary
67.2%
spotty dog
dalmatian
65.6%
completely
wholly
64.1%
relating to numbers
numerical
62.5%
Clue
Word
% Correct
over-
protect
mollycoddle
60.9%
honest
truthful
56.3%
tried out
sampled
51.6%
a room; part of a gun
chamber
48.4%
indifference
apathy
46.9%
something accomplished
achievement
43.8%
generally; relating to everything
universally
37.5%
someone who spoils the fun of others
killjoy
31.3%
autobiographer
memoirist
23.4%
desperation
direness
14.1%
Quiz Playlist
Details
Report
Send in Message
Add To Playlist
More Info:
The answer to each clue is a word containing a girl's name. A hint for each name is also given.
Classic:
Type in answers that appear in a list
Random Order:
Randomize order of answers
Last Updated: Feb 16, 2017
Quiz Scoreboard
CHALLENGE
Sign Up to Join the Scoreboard
Show All
Scores
Hide
Comments
May contain spoilers
Recently Published
An Introduction to Baseball
by treessimontrees
Sports
5m
Movies - When Are They Set?
by FPL_Elf
Movies
5m
Popular People in 1961
by mucciniale
History
6m
More to Explore
Quiz From the Vault
Featured Blog Post
Where Did the Easter Bunny Come From?
hide this ad
You Might Also Like...
Tags
girl
hidden
Today's Top Quizzes in Language
Browse Language
hide this ad
Today's Top Quizzes in girl
Browse girl
Top Contributed Quizzes in Language
1
1-10 Letter F Words III
2
Order Up: Top 10 Most Native Spoken Languages
3
1-10 Letter G Words III
4
1-10 Letter H Words III
5
One Thing in Common: Italy
6
1-10 Letter I Words III
7
Weisst du, aus welchen Sprachen diese Wörter stammen?
8
1-10 Letter J Words III
9
Begins and Ends With AN
10
Hiragana Speed Reading
Explore More
Trending Topics
Crossword
Anime
Marvel
NBA
Kpop
Disney
Harry Potter
NFL
Pokémon
Country
Puzzle
The Office
WWE
Song
Soccer
hide this ad
More By:
hecuba
Quiz
Plays
Rating
Category
Featured
Created
Unique Last 3 letters
19,093
4.70
Language
Jan 22, 2012
Countries that begin but don't end with a vowel
911
4.06
Geography
Jan 19, 2012
Who was UK Prime Minister when...
223
4.80
History
Jan 27, 2012
Lesbian writers
184
4.00
Literature
Jan 20, 2012
Quiz of 2016
183
3.60
Holiday
Jan 1, 2016
Go to Creator's Profile
Score Distribution
Quiz Creator Spotlight
hecuba
Follow
Send a Message
Quizzes Created
-
Created Quiz Play Count
-
More By This Creator
Popular Quizzes Today
1
Find the Countries of Europe - No Outlines Minefield
2
Find the US States - No Outlines Minefield
3
The Countries of the World
4
Popular People in 1961
5
US States
6
1-10 Letter E Words III
7
Find the US States
8
One Thing in Common: World Cities II
More Language Quizzes
German: Top 25 Verbs
Published
Trending Quizzes
Risky Map Clicking: Least Populous States A-Z
1-10 Letter F Words
1-10 Letter G Words
One Thing in Common: United Kingdom
Risky Map Clicking: Next State Alphabetically
Recently Updated
Leaping Animals
pecheneg
Reality TV Shows (A-Z)
bhenderson79
Rickey Henderson's Hall of Fame Teammates
pecheneg
Champions League XIs: Arsenal
pecheneg
Quick Pick: Celebrities in WWE's Hall of Fame
aduchscher
A-Z Keypad Blitz II
pecheneg
Multiple Oscar Actors
pecheneg
Mystery Phrase Blitz: Oscar 'Best Actors'
pecheneg
F. Scott Fitzgerald Novels
LTH
Pick 3 Villains
ddd62291
Trending Topics
Harry Potter
Kpop
Crossword
Disney
NBA
Anime
Marvel
Country
Pokémon
Song
NFL
Soccer
The Office
Puzzle
WWE
Your Account Isn't Verified!
In order to create a playlist on Sporcle, you need to verify the email address you used during registration. Go to your
Sporcle Settings
to finish the process.
Report this User
Report this user for behavior that violates our
Community Guidelines
.
Details:
Send Report
Go to the Sporcle.com Mobile Site →
Comments